| 000 | 02288nam0a2200409 4500 | ||
|---|---|---|---|
| 001 | RU\NLR\bibl\856620 | ||
| 005 | 20260406064358.0 | ||
| 010 |
_a5-7107-9219-5 _920000 |
||
| 021 |
_aRU _b2005-28209 _91417 |
||
| 035 | _a(nilc)RSL-KNO-002602801 | ||
| 035 | _a(NLR Aleph) 000845336 | ||
| 090 |
_a1446182 _c1446182 |
||
| 100 | _a20050517d2005 |||y0rusy50 ca | ||
| 101 | 0 | _arus | |
| 102 | _aRU | ||
| 105 | _aa ||||||||| | ||
| 106 | _ar | ||
| 200 | 1 |
_aОсновы безопасности жизнедеятельности _e6 кл. _eУчеб. для общеобразоват. учреждений _f[А.Г. Маслов, В.В. Марков, В.Н. Латчук и др. _gнауч. ред.: Ю.С. Константинов и др.] |
|
| 205 | _a7-е изд., перераб. | ||
| 210 |
_aМ. _cДрофа _d2005 _gГУП Смол. полигр. комб. |
||
| 215 |
_a218, [1] с. _cил., цв. ил, _d22 |
||
| 300 | _aАвт. указаны на обороте тит.л. | ||
| 320 | _aБиблиогр.: с. 214-215 | ||
| 606 | 0 |
_aБезопасность жизнедеятельности _jУчебники для средней школы _91373082 _3RU\NLR\auth\66261709 |
|
| 610 | 0 | _aЗдравоохранение. Медицинские науки -- Общая гигиена -- Медицинская экология -- Факторы внешней среды и их гигиеническая оценка -- Учебник для средней школы | |
| 686 |
_aР120.1я721-1 _2rubbk |
||
| 686 | _aЦ69,6(2Р)0я721-1 | ||
| 701 | 1 |
_4070 _7ca _8rus _aМаслов _bА. Г. _cспециалист по ОБЖ _gАнатолий Григорьевич _96993 _3RU\NLR\auth\7723940 |
|
| 701 | 1 |
_4070 _7ca _8rus _aМарков _bВ. В. _cспециалист по ОБЖ _gВалерий Васильевич _96991 _3RU\NLR\auth\7723938 |
|
| 701 | 1 |
_4070 _7ca _8rus _aЛатчук _bВ. Н. _gВладимир Николаевич _96989 _3RU\NLR\auth\7723936 |
|
| 702 | 1 |
_4340 _aКонстантинов _bЮ. С. _f1947- _gЮрий Сергеевич _9141321 _3RU\NLR\AUTH\770141357 |
|
| 801 | 0 |
_aRU _bRuMoRKP _c20050517 _grcr |
|
| 801 | 1 |
_aRU _bRuMoRGB _c20050517 |
|
| 801 | 2 |
_aRU _bNLR _c20051019 _grcr |
|
| 942 | _cBOOK | ||
| 980 | _aNB | ||